00443nam a2200181Ia 4500003000400000005001700004008004100021020002200062040000700084041000800091082001600099100002000115245004900135260003000184300001700214365001400231650001600245OSt20230605102421.0210423s2017 xx 000 0 und d a978-93-85528-74-3 cAL aeng a364.15 SINK aSINGH (Kangana) aHuman trafficking: complexities and pitfalls aJaipurbYking Booksc2017 aviii,286bHB b1475cINR aCriminology